El Cuerpo Humano

Shranjeno v:
Bibliografske podrobnosti
Glavni avtor: Nguyen, Sy (autor)
Format: Knjiga
Jezik:španščina
Izdano: Barcelona Paidotribo 1996
Izdaja:1a. ed
Teme:
Oznake: Označite
Brez oznak, prvi označite!

MARC

LEADER 00000nam a2200000 a 4500
001 UCH3902
003 CL-VaPUC
008 090818e19960000SP |||||||||||||||||spa|d
020 |a 8480193239 
082 0 4 |a 612  |b NGU  |2 21 
100 |a Nguyen, Sy  |e autor  |9 539365 
245 1 3 |a El Cuerpo Humano 
250 |a 1a. ed 
300 |a 47 p 
942 |c BK 
945 |d 20090818 00:00:00  |a ccalabra 
260 |a Barcelona  |b Paidotribo  |c 1996 
500 |a Libro animado 
650 0 |a Anatomía humana   |9 269546 
650 0 |a Sistema nervioso  |9 266815 
650 0 |a Aparato genital  |9 343786 
650 7 |a EMBARAZO  |2 CL-VaPUC  |9 308235 
650 0 |a Aparato digestivo  |9 269553 
650 0 |a Sistema inmunitario  |9 407125 
650 0 |a Aparato urinario  |9 343785 
650 0 |a Reproducción  |9 269783 
583 |a last modification  |c 20090818 00:00:00  |k Rodrigo Vera 
999 |c 335306  |d 335304